Courage under fire (Record no. 100645)
[ view plain ]
| 000 -LEADER | |
|---|---|
| fixed length control field | 01891cgm a2200385 a 4500 |
| 001 - CONTROL NUMBER | |
| control field | vtls003100614 |
| 003 - CONTROL NUMBER IDENTIFIER | |
| control field | MY-SjTCS |
| 005 - DATE AND TIME OF LATEST TRANSACTION | |
| control field | 20200226112901.0 |
| 008 - FIXED-LENGTH DATA ELEMENTS--GENERAL INFORMATION | |
| fixed length control field | 081124s2004 cau117 g vleng d |
| 039 #9 - LEVEL OF BIBLIOGRAPHIC CONTROL AND CODING DETAIL [OBSOLETE] | |
| Level of rules in bibliographic description | 201901090953 |
| Level of effort used to assign nonsubject heading access points | AUTHORITY |
| Level of effort used to assign subject headings | 200811241852 |
| Level of effort used to assign classification | VLOAD |
| Level of effort used to assign subject headings | 200802201510 |
| Level of effort used to assign classification | pushpa |
| Level of effort used to assign subject headings | 200802121447 |
| Level of effort used to assign classification | zatul |
| -- | 200802111121 |
| -- | zatul |
| 082 04 - DEWEY DECIMAL CLASSIFICATION NUMBER | |
| Classification number | 791.4372 |
| Item number | COU |
| 245 00 - TITLE STATEMENT | |
| Title | Courage under fire |
| Medium | [videorecording] / |
| Statement of responsibility, etc. | Twentieth Century Fox ; Davis Entertainment ; produced by John Davis, Joseph M. Singer, David T. Friendly ; written by Patrick Sheane Duncan ; directed by Edward Zwick. |
| 260 ## - PUBLICATION, DISTRIBUTION, ETC. | |
| Place of publication, distribution, etc. | Beverly Hills, CA : |
| Name of publisher, distributor, etc. | Twentieth Century Fox Home Entertainment, |
| Date of publication, distribution, etc. | c2004. |
| 300 ## - PHYSICAL DESCRIPTION | |
| Extent | 2 videodiscs (ca. 117 min.) : |
| Other physical details | sd., col ; |
| Dimensions | 4 3/4 in. |
| 500 ## - GENERAL NOTE | |
| General note | Originally released as a motion picture in 1996. |
| 511 1# - PARTICIPANT OR PERFORMER NOTE | |
| Participant or performer note | Denzel Washington, Meg Ryan, Lou Diamond Phillips, Micheal Moriarty & Matt Damon |
| 520 ## - SUMMARY, ETC. | |
| Summary, etc. | When Lt. Colonel Nathaniel Serling is asked to review the posthumous candidacy of the first woman to receive a Medal of Honor, he finds himself plunged into an apparent cover-up surrounding the actions that led to her death. As he struggles to uncover the truth, he also finds himself forced to confront his own tormenting demons. |
| 538 ## - SYSTEM DETAILS NOTE | |
| System details note | VCD |
| 546 ## - LANGUAGE NOTE | |
| Language note | Subtitles in Mandarin and Malay |
| 650 #0 - SUBJECT ADDED ENTRY--TOPICAL TERM | |
| Topical term or geographic name entry element | Medal of Honor |
| Form subdivision | Drama. |
| 650 #0 - SUBJECT ADDED ENTRY--TOPICAL TERM | |
| Topical term or geographic name entry element | Persian Gulf War, 1991 |
| Form subdivision | Drama. |
| 650 #0 - SUBJECT ADDED ENTRY--TOPICAL TERM | |
| Topical term or geographic name entry element | War films. |
| 9 (RLIN) | 24250 |
| 650 #0 - SUBJECT ADDED ENTRY--TOPICAL TERM | |
| Topical term or geographic name entry element | Women soldiers |
| Form subdivision | Drama. |
| 650 #0 - SUBJECT ADDED ENTRY--TOPICAL TERM | |
| Topical term or geographic name entry element | Conspiracies |
| Geographic subdivision | United States |
| Form subdivision | Drama. |
| 700 1# - ADDED ENTRY--PERSONAL NAME | |
| Personal name | Davis, John |
| 700 1# - ADDED ENTRY--PERSONAL NAME | |
| Personal name | Singer, Joseph M. |
| 700 1# - ADDED ENTRY--PERSONAL NAME | |
| Personal name | Frindly, David T. |
| 700 1# - ADDED ENTRY--PERSONAL NAME | |
| Personal name | Zwick, Edward |
| 700 1# - ADDED ENTRY--PERSONAL NAME | |
| Personal name | Duncan, Patrick Sheane |
| 700 1# - ADDED ENTRY--PERSONAL NAME | |
| Personal name | Washinton, Denzel |
| Dates associated with a name | 1954- |
| 700 1# - ADDED ENTRY--PERSONAL NAME | |
| Personal name | Ryan, Meg. |
| 710 2# - ADDED ENTRY--CORPORATE NAME | |
| Corporate name or jurisdiction name as entry element | Twentieth Century-Fox Film Corporation |
| 9 (RLIN) | 70294 |
| 710 2# - ADDED ENTRY--CORPORATE NAME | |
| Corporate name or jurisdiction name as entry element | Davis Entertainment Company. |
| 9 (RLIN) | 28779 |
| 920 ## - Programme | |
| Programme | MCS : VCD200005 |
| Withdrawn status | Lost status | Source of classification or shelving scheme | Damaged status | Not for loan | Home library | Current library | Date acquired | Serial Enumeration / chronology | Total Checkouts | Barcode | Date last seen | Date last checked out | Copy number | Koha item type | Public note |
|---|---|---|---|---|---|---|---|---|---|---|---|---|---|---|---|
| Dewey Decimal Classification | Taylor's Library-TU | Taylor's Library-TU | 11/02/2008 | Set of 2 Video discs | 18 | 1001008558 | 05/12/2019 | 10/07/2014 | 1 | Media Resources | SOMAC,09050,02,CL |